| 000 | 00656nam a2200253Ia 4500 | ||
|---|---|---|---|
| 003 | OSt | ||
| 005 | 20221002043325.0 | ||
| 006 | a|||||r|||| 00| 0 | ||
| 007 | ta | ||
| 008 | 220930b |||||||| |||| 00| 0 eng d | ||
| 020 | _a1857431073 | ||
| 024 | _a44493 | ||
| 037 | _cReference Collections | ||
| 040 |
_aCRL _cCRL _beng |
||
| 041 |
_2eng _aeng |
||
| 082 | _aT4n1,N47, P2(RR) | ||
| 245 | 0 | _aEuropa World of learning 2002 | |
| 250 | _a52th | ||
| 260 |
_aLondon _bEuropa Publications _c2002 |
||
| 300 |
_a2238p. _ccm. |
||
| 650 | _aEDUCATION | ||
| 942 |
_hT4n1,N47, P2(RR) _cref _2CC |
||
| 999 |
_c907899 _d907899 |
||